ნორმალური ფორმატი
MARC ფორმატი
ჩანაწერი Corporate Name
ჩანაწერთა რაოდენობა, რომელიც გამოყენებულია: 1
001 - CONTROL NUMBER
- control field: 11495
003 - CONTROL NUMBER IDENTIFIER
- control field: GE_BSU
005 - DATE AND TIME OF LATEST TRANSACTION
- control field: 20210421162446.0
008 - FIXED-LENGTH DATA ELEMENTS
- fixed length control field: 210421|| aca||aabn | a|a d
040 ## - CATALOGING SOURCE
- Original cataloging agency: GE_BSU
- Transcribing agency: GE_BSU
110 ## - HEADING--CORPORATE NAME
- Corporate name or jurisdiction name as entry element: ბათუმის შოთა რუსთაველის სახ-ფო უნ-ტი.
670 ## - SOURCE DATA FOUND
- Source citation: Work cat.: (GE_BSU)52059: მსახურაძე, ნანა 11493, ლექსიკურ - სემანტიკური და პრაგმატიკული ტრანსფორმაციები პოლიტიკურ დისკურსში (ინგლისურ, ქართულ და რუსულენოვან მასალაზე დაყრდნობით) /
